El Murciélago de Sant Miquel del Fai /
ISBN:
8492384719
Descripción Física:
31 pàgines : il·lustracions ; 25 cm
Otros Autores:
Gabán, Jesús
Idioma:
Español
MARC
| LEADER | 00000nam a2200000 a 4500 | ||
|---|---|---|---|
| 001 | 26305 | ||
| 008 | 220721b spa||||| |||| 00| 0 spa d | ||
| 017 | |a DL B-4701-1998 | ||
| 020 | |a 8492384719 | ||
| 080 | |a Bib-832 | ||
| 100 | 1 | |9 53973 |a Larreula, Enric |e autor | |
| 245 | 1 | 3 | |a El Murciélago de Sant Miquel del Fai / |c texto: Enric Larreula, ilustraciones: Jesús Gabán |
| 260 | |a Barcelona : |b Associació Escola de Natura Sant Miquel del Fai, |c 1998 | ||
| 300 | |a 31 pàgines : |b il·lustracions ; |c 25 cm | ||
| 650 | 0 | |9 53972 |a Fauna |z Sant Miquel del Fai (Catalunya) |v Llibres per a infants | |
| 700 | 1 | |9 53974 |a Gabán, Jesús |e il·lustrador | |
| 942 | |2 udc |c ARXIU |n 1 | ||
| 952 | |0 0 |1 0 |4 0 |6 BIB832 |7 1 |9 62842 |a Arxiu |b Arxiu |d 2022-07-21 |l 0 |o Bib-832 |p 26305 |r 2022-07-21 00:00:00 |w 2022-07-21 |y ARXIU | ||
| 952 | |0 0 |1 0 |4 0 |6 PDL |7 1 |9 63477 |a Arxiu |b Arxiu |d 2022-08-17 |l 0 |o PDL |p 26486 |r 2022-08-17 00:00:00 |w 2022-08-17 |y ARXIU | ||
| 999 | |c 82314 |d 82314 | ||